000 01081cam a22002894a 4500
999 _c25714
_d25714
001 14957042
005 20170201102751.0
008 070808s2008 maua b 001 0 eng
010 _a 2007934813
020 _a9780618894697 (student ed. : hbk.)
020 _a0618894691 (student ed. : hbk.)
040 _aDLC
_cDLC
043 _an-us---
050 0 0 _aHD70
_b.H55 2008
100 1 _aHill, Charles W. L.
245 1 0 _aStrategic management :
_ban integrated approach /
_cCharles W. L. Hill, Gareth R. Jones.
250 _a8th ed.
260 _aBoston :
_bHoughton Mifflin,
_cc2008.
300 _a1 v. (various pagings) :
_bill. ;
_c27 cm.
504 _aIncludes bibliographical references and index.
650 0 _aManagement
_zUnited States
_vCase studies.
650 0 _aStrategic planning
_zUnited States
_vCase studies.
650 0 _aBusiness planning
_zUnited States
_vCase studies.
700 1 _aJones, Gareth R.
942 _2lcc
_cBOOKS
_hHD70 .H55 2008